Online
Catalog

Dinámica : (Record no. 23225)

MARC details
000 -CABECERA
campo de control de longitud fija 01076nam a2200289 a 4500
001 - NÚMERO DE CONTROL
campo de control 000023729
005 - FECHA Y HORA DE LA ÚLTIMA TRANSACCIÓN
campo de control 20200930022425.0
008 - DATOS DE LONGITUD FIJA--INFORMACIÓN GENERAL
campo de control de longitud fija 110112s1996 xxua 000 | spa d
020 ## - NÚMERO INTERNACIONAL ESTÁNDAR DEL LIBRO
Número Internacional Estándar del Libro 0201653680
040 ## - FUENTE DE LA CATALOGACIÓN
Centro catalogador/agencia de origen DO-SdBNP
Lengua de catalogación spa
Centro/agencia transcriptor BNPHU
082 ## - NÚMERO DE LA CLASIFICACIÓN DECIMAL DEWEY
Número de clasificación 620.104
Número de documento/Ítem B411d
049 ## - FONDOS LOCALES (OCLC)
Fondos de biblioteca BNGR
100 1# - ENTRADA PRINCIPAL--NOMBRE DE PERSONA
Nombre de persona Bedford, Anthony
9 (RLIN) 38391
240 10 - TÍTULO UNIFORME
Título uniforme Engineering mechanics: dynamics.
Lenguaje de la obra Español
245 10 - MENCIÓN DE TÍTULO
Título Dinámica :
Resto del título mecánica para ingeniería /
Mención de responsabilidad, etc. Anthony Bedford y Wallace Fowler ; versión en español de José E. de la Cera Alonso ; con la colaboración de Antonio Martín-Lunas.
260 ## - PUBLICACIÓN, DISTRIBUCIÓN, ETC.
Lugar de publicación, distribución, etc. Delaware, Estados Unidos :
Nombre del editor, distribuidor, etc. Addison-Wesley Iberoamericana,
Fecha de publicación, distribución, etc. 1996.
300 ## - DESCRIPCIÓN FÍSICA
Extensión xvi, 548 p. :
Otras características físicas il. ;
Dimensiones 26 cm.
534 ## - NOTA SOBRE LA VERSIÓN ORIGINAL
Encabezamiento principal del original Título original :
Mención de título del original Engineering mechanics: dynamics
500 ## - NOTA GENERAL
Nota general Incluye índice de materias.
650 #4 - PUNTO DE ACCESO ADICIONAL DE MATERIA--TÉRMINO DE MATERIA
Término de materia o nombre geográfico como elemento de entrada Dinámica
9 (RLIN) 48856
650 #4 - PUNTO DE ACCESO ADICIONAL DE MATERIA--TÉRMINO DE MATERIA
Término de materia o nombre geográfico como elemento de entrada Estática
9 (RLIN) 38392
650 #4 - PUNTO DE ACCESO ADICIONAL DE MATERIA--TÉRMINO DE MATERIA
Término de materia o nombre geográfico como elemento de entrada Mecánica aplicada
9 (RLIN) 48857
700 1# - PUNTO DE ACCESO ADICIONAL--NOMBRE DE PERSONA
Nombre de persona Fowler, Wallace
9 (RLIN) 38395
700 1# - PUNTO DE ACCESO ADICIONAL--NOMBRE DE PERSONA
Nombre de persona Cera Alonso, José E. de la,
Término indicativo de función/relación tr.
9 (RLIN) 48858
700 1# - PUNTO DE ACCESO ADICIONAL--NOMBRE DE PERSONA
Nombre de persona Martín-Lunas, Antonio
9 (RLIN) 6171
910 ## - DATOS DE OPCIÓN DEL USUARIO (OCLC)
Datos de opción del usuario WM
Holdings
Estado de retiro Estado de pérdida Restricciones de uso No para préstamo Código de colección Localización permanente Ubicación/localización actual Ubicación en estantería Fecha de adquisición Número de inventario Total de préstamos Signatura topográfica completa Código de barras Fecha visto por última vez Precio válido a partir de Tipo de ítem Koha Número de copia
        Monografías: Libros y Folletos General General Depósito 12.01.2011 LF1   620.104 B411d 23729-10 25.06.2020 25.06.2020 Préstamo en sala  
      Préstamo restrigido Monografías: Libros y Folletos General General Depósito 12.01.2011 LF1   620.104 B411d 23729-20 25.06.2020 25.06.2020 Préstamo en sala e.2

Powered by Koha